| 000 | 00570cam a2200217 i 4500 | ||
|---|---|---|---|
| 001 | 2678477 | ||
| 005 | 20180222032827.0 | ||
| 008 | 751202s1976 mau b 001 0 eng | ||
| 010 | _a 74016927 | ||
| 020 | _a0669936669 | ||
| 040 |
_aDLC _cDLC _dDLC |
||
| 041 | _aeng | ||
| 080 | _a301.3207 KLI | ||
| 082 | 0 | 0 | _a301.3207 KLI |
| 100 | _a50 | ||
| 101 | _aSOC | ||
| 245 | 0 | 0 |
_aIssues in population education / _cedited by David Kline, David Harman. |
| 504 | _aBibliography: p. 267-279. | ||
| 906 |
_a7 _bcbc _corignew _d1 _eocip _f19 _gy-gencatlg |
||
| 942 |
_2ddc _cBK |
||
| 999 |
_c43100 _d43100 |
||